Quizzes
Events
Quiz Creation
Community
Videos
Private Events
Remove Ads
Sign In
Join for FREE
Feedback
Dark Mode
Quiz Categories
Sports
Geography
Music
Movies
Television
Just For Fun
Miscellaneous
History
Literature
Language
Science
Gaming
Entertainment
Religion
Holiday
For Kids
Quiz Lab
Recent
Popular Today
Quiz Kudos Today
Editor Picks
Curator Picks
Quizzes by...
Day
Popularity
Type
Ratings
Length
Year
Community
Subscriptions
Recent Discussions
Orange Saloon
Badges
Playlists
Quests
Create
Leaderboards
Showdown
Live 5
Trivia Bingo
Activity
Puzzle Library
Sporcle Events
Private Events
Virtual Trivia
Globe League
Become a Host
Pub Owners
SporcleCon
Opinionation
Our Games
Videos
Blog
Mobile Apps
Partnerships
Remove Ads and Go Orange
Feedback
Sports
Athletes
MLB
NBA
NHL
NFL
Soccer
Sports Teams
WWE
NCAA
Football
Premier League
Basketball
Baseball
Hockey
Golf
Tennis
Cricket
Rugby
Auto Racing
Olympics
World Cup
Sports
Athletes
MLB
NBA
NHL
NFL
Soccer
Sports Teams
WWE
NCAA
Football
Premier League
Basketball
Baseball
Hockey
Golf
Tennis
Cricket
Rugby
Auto Racing
Olympics
World Cup
Random Quiz
Search Sporcle
×
Quiz Lab
Quiz Lab
Sports
Soccer
Type in answers that appear in a list
Type in answers that appear in a list
Classic
Best Score? Go Orange.
Portsmouth F.C. Managers Stats
Can you name the Portsmouth F.C. Managers?
By
adam2708
10m
40 Questions
283 Plays
283 Plays
283 Plays
Comments
Comments
Give Quiz Kudos
Give Quiz Kudos
-
- Ratings
hide this ad
More Info
Replay
Link that replays current quiz
Next Quiz
Link to next quiz in quiz playlist
You Got
0%
They Got
Avg Score
47%
Avg Friend Score
Upgrade to see
Score Distribution
Jump to the score distribution portion of the page
Score
0/40
Timer
10:00
0
Plays Today
Years Managed
Manager
% Correct
2002 – 2004
Harry Redknapp
98.6%
2005 – 2008
Harry Redknapp
98.6%
2008 – 2009
Tony Adams
82.6%
2009 – 2010
Avram Grant
81.9%
2012 – 2013
Guy Whittingham
78.4%
2015 – 2017
Paul Cook
77%
2011 – 2012
Michael Appleton
76.6%
1984 – 1989
Alan Ball
75.9%
1998 – 1999
Alan Ball
75.9%
2014 – 2015
Andy Awford
71.6%
1991 – 1995
Jim Smith
70.6%
2017 -
Kenny Jackett
68.8%
2005 – 2005
Alain Perrin
67.4%
2000 – 2000
Tony Pulis
64.2%
2010 – 2011
Steve Cotterill
64.2%
1961 – 1970
George Smith
63.8%
2009 – 2009
Paul Hart
60.6%
2013 – 2014
Richie Barker
59.2%
2000 – 2001
Steve Claridge
58.9%
1977 – 1979
Jimmy Dickinson
52.5%
Years Managed
Manager
% Correct
2001 – 2002
Graham Rix
52.1%
2004 – 2005
Velimir Zajec
46.8%
1995 – 1998
Terry Fenwick
44.7%
1974 – 1977
Ian St. John
43.3%
1927 – 1947
Jack Tinn
33.7%
1989 – 1990
John Gregory
31.9%
1979 – 1982
Frank Burrows
30.5%
1990 – 1991
Frank Burrows
30.5%
1982 – 1984
Bobby Campbell
26.2%
1947 – 1952
Bob Jackson
15.2%
1958 – 1961
Freddie Cox
12.4%
1911 – 1920
Robert Brown
12.1%
1970 – 1973
Ron Tindall
12.1%
1973 – 1974
John Mortimore
12.1%
1991 – 1991
Tony Barton
11.7%
1898 – 1901
Frank Brettell
10.3%
1952 – 1958
Eddie Lever
9.6%
1901 – 1904
Bob Blyth
9.2%
1904 – 1908
Richard Bonney
6%
1920 – 1927
John McCartney
6%
Quiz Playlist
Details
Report
Send in Message
Add To Playlist
More Info:
Includes caretakers only if managed >10 games
Classic:
Type in answers that appear in a list
Last Updated: Aug 11, 2017
Quiz Scoreboard
CHALLENGE
Sign Up to Join the Scoreboard
Show All
Scores
Hide
Comments
May contain spoilers
Recently Published
Popular People in 1961
by mucciniale
History
6m
1-10 Letter E Words III
by El_Dandy
Language
2m
One Thing in Common: World Cities II
by knightlancer
Geography
7m
More to Explore
Quiz From the Vault
Featured Blog Post
Where Did the Easter Bunny Come From?
hide this ad
You Might Also Like...
Tags
Football Quiz
Soccer Quiz
Association Football
Today's Top Quizzes in Sports
Browse Sports
hide this ad
Today's Top Quizzes in Soccer
Browse Soccer
Top Contributed Quizzes in Sports
1
2022 World Cup Stars
2
Les entraîneurs de l'OM et du PSG au 21e siècle
3
FIFA Club World Cup Champions
4
Criteria MLB: Left Handed Sluggers
5
Les meilleurs buteurs des matchs entre le PSG et l’OM
6
Name the Premier League winners with different clubs
7
Players with Multiple 50 Home Run Seasons
8
MLB Players with Two .350 Batting Average Seasons
9
La finale Lions - Afrique du Sud 2021
10
MLB Hall of Famer by Rings
Explore More
Trending Topics
NBA
Marvel
Crossword
Disney
Harry Potter
Kpop
Anime
Puzzle
Pokémon
Soccer
The Office
WWE
Song
NFL
Country
hide this ad
More By:
adam2708
Quiz
Plays
Rating
Category
Featured
Created
Can you name the most and least friendly countries?
304
4.33
Geography
Mar 27, 2013
Portsmouth F.C. Managers
283
5.00
Sports
Feb 21, 2013
Go to Creator's Profile
Score Distribution
Quiz Creator Spotlight
adam2708
Follow
Send a Message
Quizzes Created
-
Created Quiz Play Count
-
More By This Creator
Popular Quizzes Today
1
Find the US States - No Outlines Minefield
2
The Countries of the World
3
Popular People in 1961
4
Find the Countries of Europe - No Outlines Minefield
5
1-10 Letter E Words III
6
Find the US States
7
One Thing in Common: World Cities II
8
US States
More Sports Quizzes
Rajon Rondo's Top Scoring teammates per season
Quiz Lab
Trending Quizzes
1-10 Letter F Words
One Thing in Common: Music
1-10 Letter G Words
Risky Map Clicking: Next State Alphabetically
1-10 Letter F Words II
Recently Updated
Leaping Animals
pecheneg
Reality TV Shows (A-Z)
bhenderson79
Rickey Henderson's Hall of Fame Teammates
pecheneg
Champions League XIs: Arsenal
pecheneg
Quick Pick: Celebrities in WWE's Hall of Fame
aduchscher
A-Z Keypad Blitz II
pecheneg
Multiple Oscar Actors
pecheneg
Mystery Phrase Blitz: Oscar 'Best Actors'
pecheneg
F. Scott Fitzgerald Novels
LTH
Pick 3 Villains
ddd62291
Trending Topics
Kpop
Disney
Harry Potter
Crossword
Marvel
Anime
NBA
The Office
Song
Country
Pokémon
WWE
Puzzle
NFL
Soccer
Your Account Isn't Verified!
In order to create a playlist on Sporcle, you need to verify the email address you used during registration. Go to your
Sporcle Settings
to finish the process.
Report this User
Report this user for behavior that violates our
Community Guidelines
.
Details:
Send Report
Go to the Sporcle.com Mobile Site →
Comments